Statistics for The Maze Runner A-Z

Click here to take the quiz!

General Stats

  • This quiz has been taken 1,243 times
  • The average score is 18 of 26

Answer Stats

HintAnswer% Correct
A) Leader of the GladeAlby
98%
N) Second in command of the GladeNewt
92%
D) Actor who plays the main characterDylan O'Brien
91%
M) Keeper of the RunnersMinho
90%
T) Telepathic partner of ThomasTeresa
88%
B) Female friend form the ScorchBrenda
84%
G) Monsters in the MazeGrievers
84%
F) Man made disease that kills the brainFlare
77%
I) If you have the flare but show no effects you are...Immune
77%
Q) “If you ain’t scared… you ain’t human" is a 'what' from the booksQuote
76%
P) Last name of the chancellor of WICKEDPaige
74%
Y) Chuck is the 'what' of all the GladersYoungest
73%
C) One of the MedjacksClint
70%
K) First word in the title of the prequel to the trilogyKill
67%
Z) Keeper of the GardensZart
63%
J) Rat Man's last nameJanson
62%
H) Leader of Group BHarriet
59%
O) Second word in the title of the prequel to the trilogyOrder
59%
X) A game adaptation is to be released for what game consoleXBOX
59%
L) In Scorch Trials Thomas is the real...Leader
57%
S) Second in command of Group BSonya
56%
E) Teresa triggers this when arriving to the GladeEnd
53%
U) The film version was cut from a 15 to a 12A rating in what countryUnited Kingdom
53%
V) Leader of the Right ArmVince
53%
R) Telepathical partner of ArisRachel
52%
W) Item Frypan wouldn't give upWax Paper
11%

Score Distribution

Percentile by Number Answered

Percent of People with Each Score

Your Score History

You have not taken this quiz